Offshoring neznamená stratu miest
Offshoring v Európe a v USA. Porovnanie ekonomickej výhodnosti offshoringu v USA a v Nemecku. Varovania pre Európsku úniu.
Saved in:
| Main Author: | |
|---|---|
| Format: | Book Chapter |
| Language: | Slovak |
| Subjects: | |
| Tags: |
No Tags, Be the first to tag this record!
|
MARC
| LEADER | 00000naa$a2200000$$$4500 | ||
|---|---|---|---|
| 001 | 0025710 | ||
| 005 | 20231004125452.7 | ||
| 041 | 0 | |a slo | |
| 044 | |a SK | ||
| 245 | 1 | 0 | |a Offshoring neznamená stratu miest |c Soňa Zverková |
| 520 | |a Offshoring v Európe a v USA. Porovnanie ekonomickej výhodnosti offshoringu v USA a v Nemecku. Varovania pre Európsku úniu. | ||
| 610 | 2 | 0 | |a miesta pracovné |
| 610 | 2 | 0 | |a trh práce |
| 610 | 2 | 0 | |a offshoring |
| 610 | 2 | 0 | |a zárobky |
| 610 | 2 | 0 | |a náklady |
| 610 | 2 | 0 | |a úspory finančné |
| 610 | 2 | 0 | |a opatrenia podniku úsporné |
| 610 | 2 | 0 | |a Nemecko |
| 610 | 2 | 0 | |a reformy štruktúrne |
| 610 | 2 | 0 | |a USA |
| 610 | 2 | 0 | |a Európska únia |
| 100 | 1 | |a Zverková, Soňa | |